Quel est ce nuage ? Choix Multiples - Statistiques

Statistiques générales
  • Ce quiz a été pris 92 fois
  • Le résultat moyen est 7 sur 15
Statistiques - réponses
Question Réponse % Correct
Quelle est la particularité de ce nuage ?
Tuba
75%
Quel est le genre de ce nuage ?
Cumulonimbus
74%
Quel est le genre de ce nuage ?
Cirrus
72%
Quel est le genre de ce nuage ?
Cumulus
57%
Quelle est l'espèce de ce nuage ?
Fibratus
55%
Quel est le genre de ce nuage ?
Cirrostratus
54%
Quelle est l'espèce de ce nuage ?
Lenticularis
49%
Quelle est la particularité de ce nuage ?
Asperitas
46%
Quelle est la particularité de ce nuage ?
Cavum
46%
Quel est le genre de ce nuage ?
Altocumulus
45%
Quelle est la particularité de ce nuage ?
Fluctus
44%
Quelle est la particularité de ce nuage ?
Mamma
44%
Quelle est l'espèce de ce nuage ?
Congestus
31%
Quelle est la particularité de ce nuage ? (Partie supérieure de la photo)
Pileus
31%
Quelle est la particularité de ce nuage ?
Homogenitus
21%
Aucun quiz correspondant
Distribution des résultats
% des personnes avec chaque résultat
Percentile par nombre de réponses
Votre historique - résultats
Vous n’avez pas pris ce quiz